000 00324nam a22001217a 4500
020 _a978-81-7335-840-1
082 _a540
_bMAN/C
100 _aRP MANCHANDA
245 _aSARASWATI CHEMISTRY BASED ON CCE SCHEME
_bCLASS X
260 _aDELHI
_bSARASWATI HOUSE PVT LTD.
_c2010
650 _aCHEMISTRY FOR CLASS X
_zINDIA
942 _cBK
999 _c771
_d771